000 00668nam a2200193 4500
001 115905
003 ES-MaACL
005 20231228173810.0
007 t|
008 061121s1932 fr r ||||1| fre d
100 1 _aOrs, Eugenio d',
_d1881-1954
_987358
245 1 0 _aAu grand Saint-Christophe /
_cEugenio d'Ors ; traduction de M. et M. Tissier de Mallerais avec trois "Natures mortes" traduites par Valery Larband.
260 _aParís :
_bLouis Bellenand et Fils,
_c1932.
300 _a269 p. ;
_c19 cm.
700 1 _aTissier de Mallerais, M.
_9110340
700 0 _aLarbaud, Valéry.
_970226
852 _aES-MaACL
_jB-12873
999 _c115905
_d115905